Library movement and library development in Delhi & Chandigarh / (Record no. 57632)
[ view plain ]
| 000 -LEADER | |
|---|---|
| fixed length control field | 01162nam a22002777a 4500 |
| 005 - DATE AND TIME OF LATEST TRANSACTION | |
| control field | 20111014121557.0 |
| 008 - FIXED-LENGTH DATA ELEMENTS--GENERAL INFORMATION | |
| fixed length control field | 111014t xxu||||| |||| 00| 0 eng d |
| 010 ## - LCCN (DPL NO) | |
| LC control number | B-441230 |
| 020 ## - INTERNATIONAL STANDARD BOOK NUMBER | |
| International Standard Book Number | 9788176467049 |
| Terms of availability | 2450.00 |
| 020 ## - INTERNATIONAL STANDARD BOOK NUMBER | |
| International Standard Book Number | 8176467049 |
| Terms of availability | 2450.00 |
| 035 ## - SYSTEM CONTROL NUMBER | |
| System control number | B-441230 |
| 037 ## - SOURCE OF ACQUISITION | |
| Source of stock number/acquisition | S.P/Allied/Ven |
| 040 ## - CATALOGING SOURCE | |
| Original cataloging agency | DPL |
| Language of cataloging | English |
| 082 ## - DEWEY DECIMAL CLASSIFICATION NUMBER | |
| Classification number | 027.054 |
| 100 ## - MAIN ENTRY--PERSONAL NAME | |
| Personal name | Kumar, P.S.G. |
| 9 (RLIN) | 35517 |
| 245 ## - TITLE STATEMENT | |
| Title | Library movement and library development in Delhi & Chandigarh / |
| Statement of responsibility, etc | by P.S.G.Kumar |
| 260 ## - PUBLICATION, DISTRIBUTION, ETC. (IMPRINT) | |
| Place of publication, distribution, etc | Delhi |
| Name of publisher, distributor, etc | B.R. Publishing |
| Date of publication, distribution, etc | 2010 |
| 270 ## - ADDRESS | |
| Address | 425, Nimri Colony, Ashok Vihar, Phase IV |
| City | Delhi |
| Postal code | 110 052 |
| Electronic mail address | brpcltd@de12.vsnl.net.in |
| 300 ## - PHYSICAL DESCRIPTION | |
| Extent | xi,748p.: |
| Dimensions | 28cm. (Hb) |
| Other physical details | B& W.photos |
| 490 ## - SERIES STATEMENT | |
| Series statement | Library in India series; 8 |
| Volume number/sequential designation | 8 |
| -- | 35588 |
| 500 ## - GENERAL NOTE | |
| General note | Includes index |
| 700 ## - ADDED ENTRY--PERSONAL NAME | |
| Personal name | Hazarika, Jiten |
| 9 (RLIN) | 35519 |
| 942 ## - ADDED ENTRY ELEMENTS (KOHA) | |
| Institution code [OBSOLETE] | dpl |
| Item type | English Books |
| Source of classification or shelving scheme | Dewey Decimal Classification |
| Classification part | 027.054 |
| Call number suffix | KUM |
| Withdrawn status | Lost status | Source of classification or shelving scheme | Damaged status | Not for loan | Collection code | Home library | Current library | Shelving location | Date acquired | Source of acquisition | Cost, normal purchase price | Total Checkouts | Full call number | Barcode | Date last seen | Copy number | Cost, replacement price | Koha item type |
|---|---|---|---|---|---|---|---|---|---|---|---|---|---|---|---|---|---|---|
| Dewey Decimal Classification | Not For Loan | Non-fiction | Central Library | Central Library | Reference | 27/10/2011 | Allied Publishers/0137/26.04.11/SP-1/25.04.11/10.06.11 | 2450.00 | 027.054 KUM | B-441230 | 27/10/2011 | 1 | 2450.00 | English Books |
